| 000 | 00707nam a2200217Ia 4500 | ||
|---|---|---|---|
| 003 | OSt | ||
| 005 | 20251125164419.0 | ||
| 008 | 210719s2015 xx 000 0 und d | ||
| 040 | _cAL | ||
| 041 | _akannada | ||
| 082 | _a927K DAMS | ||
| 100 |
_aDAMODARA SHETTI (N) Ed _9132527 _dದಾಮೋದರ ಶೆಟ್ಟಿ (ನಾ) |
||
| 245 |
_aSangita samsara sadhaki B K Sumitra 75 _bಸಂಗೀತ ಸಂಸಾರ ಸಾಧಕಿ ಬಿ.ಕೆ. ಸುಮಿತ್ರ 75 |
||
| 260 |
_aBengaluru _c2015 |
||
| 300 |
_av,206 _bHB |
||
| 365 |
_b100 _cRs |
||
| 650 |
_aBiography _9132528 |
||
| 650 |
_aBiography _9132528 |
||
| 906 | _a75 ; Bi ; Ke ; sadhaki ; samsara ; Sangita ; Sumitra | ||
| 942 |
_2ddc _cBK |
||
| 999 |
_c215746 _d215746 |
||